India Wins Freedom The Other Side / (Record no. 187378)
[ view plain ]
| 000 -LEADER | |
|---|---|
| fixed length control field | 00966 a2200169 4500 |
| 003 - CONTROL NUMBER IDENTIFIER | |
| control field | Nust |
| 005 - DATE AND TIME OF LATEST TRANSACTION | |
| control field | 20230405092721.0 |
| 040 ## - CATALOGING SOURCE | |
| Transcribing agency | Nust |
| 082 ## - DEWEY DECIMAL CLASSIFICATION NUMBER | |
| Classification number | 954,KHA |
| 100 ## - MAIN ENTRY--PERSONAL NAME | |
| Personal name | Khan,Abdul Waheed |
| 245 ## - TITLE STATEMENT | |
| Title | India Wins Freedom The Other Side / |
| Statement of responsibility, etc. | Abdul Waheed Khan |
| 260 ## - PUBLICATION, DISTRIBUTION, ETC. | |
| Place of publication, distribution, etc. | Karachi |
| Name of publisher, distributor, etc. | Pakistan Education Press |
| Date of publication, distribution, etc. | 1961 |
| 300 ## - PHYSICAL DESCRIPTION | |
| Extent | 404:p |
| 505 ## - FORMATTED CONTENTS NOTE | |
| Formatted contents note | The Indian National Congress and its Leadership (Page-1), Azad as Historian (Page-14), Muslim Struggle for Independence (Page-35), League – Congress Relation in U.P. (Page-65), Political Developments During War (Page-100), Cripps Proposals –Quit ,Movement (Page-135), Political Parleys –General Elections (Page-181), Cabinet Mission- League Tussle (Page-216), Why Did the Congress Accept Partition ? (Page-258), The Anglo-Hindu Conspiracy (Page-298), Why the Conspiracy Failed ? (Page-347), Maulana Azads Opposition to Pakistan (Page-370). |
| 650 ## - SUBJECT ADDED ENTRY--TOPICAL TERM | |
| Topical term or geographic name entry element | India Feeedom |
| 9 (RLIN) | 111738 |
| 942 ## - ADDED ENTRY ELEMENTS (KOHA) | |
| Source of classification or shelving scheme | |
| Koha item type | Book |
| Call number prefix | 954,KHA |
| Withdrawn status | Lost status | Source of classification or shelving scheme | Damaged status | Not for loan | Collection code | Permanent Location | Current Location | Date acquired | Total Checkouts | Full call number | Barcode | Date last seen | Price effective from | Koha item type |
|---|---|---|---|---|---|---|---|---|---|---|---|---|---|---|
| Military College of Signals (MCS) | Military College of Signals (MCS) | 12/12/2016 | 954 KHA | MCS29519 | 12/08/2016 | 12/12/2016 | Book |
